[Event "GER-ch U14"]
[Site "Willingen"]
[Date "2024.05.22"]
[Round "6"]
[White "Kessler, Leo"]
[Black "Han, Erdem"]
[Result "0-1"]
[WhiteElo "1640"]
[BlackElo "1654"]
[PlyCount "52"]
[EventDate "2024.05.19"]
[EventType "swiss"]
[EventRounds "9"]
[EventCountry "GER"]
[SourceTitle "CB27_2024"]
[SourceDate "2024.07.03"]
[SourceVersion "1"]
[SourceVersionDate "2024.07.03"]
[SourceQuality "1"]

1. e4 c5 2. c3 Nf6 3. e5 Nd5 4. d4 cxd4 5. cxd4 Nc6 6. Nf3 d6 7. Bc4 dxe5 8. Nxe5 e6 9. 0-0 Bd6 10. Nxc6 bxc6 11. Nc3 0-0 12. Bd3 f5 13. Nxd5 exd5 14. Qc2 Bd7 15. Bd2 Qh4 16. g3 Qxd4 17. Bc3 Qg4 18. f3 Qh5 19. Rae1 h6 20. a3 f4 21. g4 Qg5 22. h4 Qxh4 23. Bh7+ Kh8 24. Qg6 Bc5+ 25. Kg2 Qg3+ 26. Kh1 Qh3# 0-1

[Event "GER-ch U14"]
[Site "Willingen"]
[Date "2024.05.19"]
[Round "1"]
[White "Han, Erdem"]
[Black "Derr, Oleg"]
[Result "1/2-1/2"]
[WhiteElo "1654"]
[BlackElo "1946"]
[PlyCount "50"]
[EventDate "2024.05.19"]
[EventType "swiss"]
[EventRounds "9"]
[EventCountry "GER"]
[SourceTitle "CB27_2024"]
[SourceDate "2024.07.03"]
[SourceVersion "1"]
[SourceVersionDate "2024.07.03"]
[SourceQuality "1"]

1. d4 Nf6 2. c4 e6 3. Nc3 Bb4 4. Qc2 d5 5. Nf3 0-0 6. Bg5 h6 7. Bh4 g5 8. Bg3 Ne4 9. e3 b6 10. Bd3 Bb7 11. 0-0 Nxg3 12. hxg3 Nc6 13. Rfd1 Be7 14. a3 Rc8 15. Rac1 Na5 16. cxd5 exd5 17. Bf5 Ra8 18. Ne5 a6 19. Be6 fxe6 20. Qg6+ Kh8 21. Qxh6+ Kg8 22. Qxe6+ Kg7 23. Qg6+ Kh8 24. Qh6+ Kg8 25. Qg6+ Kh8 1/2-1/2